Rubik's Cube World Record Holders Quiz Stats

 Plays Quiz not verified by Sporcle

Score 0/66 Timer 07:00
0 Plays Today
Event Holder % Correct
Rubik's Cube - AverageFeliks Zemdegs
85.7%
5x5 Cube - SingleFeliks Zemdegs
85.7%
5x5 Cube - AverageFeliks Zemdegs
85.7%
Rubik's Cube - SingleMats Valk
81.4%
7x7 Cube - AverageFeliks Zemdegs
75.6%
4x4 Cube - SingleFeliks Zemdegs
74.6%
Rubik's Cube: One-handed - SingleFeliks Zemdegs
69.6%
6x6 Cube - SingleKevin Hays
60.8%
6x6 Cube - AverageKevin Hays
60.8%
4x4 Cube - AverageSebastian Weyer
54.5%
Square-1 - AverageBingliang Li (李炳良)
51.3%
2x2 Cube - SingleChristian Kaserer
50.6%
4x4 Cube: Blindfolded - SingleMarcell Endrey
49%
5x5 Cube: Blindfolded - SingleMarcell Endrey
49%
7x7 Cube - SingleBence Barát
48.8%
Megaminx - SingleSimon Westlund
48.7%
Rubik's Cube: Multiple Blindfolded - SingleMarcin Kowalczyk
48.5%
Square-1 - SingleAndrea Santambrogio
48.2%
Pyraminx - SingleOscar Roth Andersen
47.9%
Pyraminx - AverageOscar Roth Andersen
47.9%
Rubik's Cube: Blindfolded - SingleMarcin Zalewski
47.7%
2x2 Cube - AverageChristopher Olson
47.2%
Rubik's Cube: One-handed - AverageMichał Pleskowicz
45.4%
Rubik's Cube: Fewest moves - SingleTomoaki Okayama (岡山友昭)
44.1%
Megaminx - AverageBálint Bodor
42.7%
Rubik's Clock - AverageEvan Liu
42.5%
Rubik's Cube: With feet - AverageGabriel Pereira Campanha
39.4%
Rubik's Clock - SingleSam Zhixiao Wang (王志骁)
39.2%
Rubik's Cube: With feet - SingleFakhri Raihaan
38.1%
Rubik's Cube - Single5.55
36.4%
Rubik's Cube - Average6.54
25.7%
2x2 Cube - Single0.69
23.4%
Rubik's Cube: Fewest moves - Single20 moves
20.8%
Event Holder % Correct
Rubik's Cube: Blindfolded - AverageMarcin Kowalczyk
18.5%
2x2 Cube - Average1.71
17.1%
Rubik's Cube: Multiple Blindfolded - Single41 points (41/41 in 54:14)
16.7%
4x4 Cube - Single24.66
16.4%
5x5 Cube - Single50.50
15.2%
Pyraminx - Single1.36
13.4%
Rubik's Cube: One-handed - Single9.03
13%
Rubik's Cube: Blindfolded - Single23.80
11.5%
Pyraminx - Average2.96
11.5%
Square-1 - Single7.41
9.7%
Megaminx - Single42.28
9.3%
4x4 Cube - Average28.15
8.2%
Rubik's Cube: One-handed - Average12.67
7.8%
Rubik's Clock - Single5.27
7.8%
6x6 Cube - Single1:40.86
7.8%
5x5 Cube - Average55.33
7.4%
Square-1 - Average11.31
7.4%
Rubik's Clock - Average6.79
7.4%
Rubik's Cube: Fewest moves - AverageSébastien Auroux
7.1%
Rubik's Cube: With feet - Single27.93
7.1%
Skewb - AverageBrandon Harnish
6.5%
Rubik's Cube: Fewest moves - Average25.67
6%
Megaminx - Average47.82
5.6%
5x5 Cube: Blindfolded - Single6:06.41
5.6%
Rubik's Cube: With feet - Average30.57
5.2%
7x7 Cube - Single2:40.11
5.2%
Skewb - SingleJayden McNeill
4.9%
6x6 Cube - Average1:51.30
4.5%
7x7 Cube - Average2:52.09
4.5%
4x4 Cube: Blindfolded - Single2:30.62
4.5%
Skewb - Average6.21
2.7%
Skewb - Single4.27
2.7%
Rubik's Cube: Blindfolded - Average28.87
2.2%

You're not logged in!

Compare scores with friends on all Sporcle quizzes.
OR
Log In

You Might Also Like...

Show Comments

Extras

Top Quizzes Today


Score Distribution

Your Account Isn't Verified!

In order to create a playlist on Sporcle, you need to verify the email address you used during registration. Go to your Sporcle Settings to finish the process.

Report this User

Report this user for behavior that violates our Community Guidelines.

Details: